[Event "V Floripa Chess Open 2019"]
[Site "Florianopolis/SC"]
[Date "2019.01.23"]
[Round "4.127"]
[White "Jenidarchiche, Douglas Rodrigo"]
[Black "Kojima, Rodrigo Yosuke"]
[Result "1-0"]
[WhiteElo "1816"]
[BlackElo "1412"]
[PlyCount "83"]
[EventDate "2019.01.21"]
[EventRounds "10"]
[EventCountry "BRA"]

1. Nf3 d5 2. g3 e6 3. Bg2 Nf6 4. O-O Be7 5. d3 c5 6. Nbd2 O-O 7. Re1 d4 8. a4 Nc6 9. Nc4 Qc7 10. Bf4 Qd8 11. e4 Rb8 12. Bxb8 Nxb8 13. c3 Nc6 14. h4 b6 15. Nh2 e5 16. Qe2 Be6 17. Na3 Qd7 18. c4 Ne8 19. Nc2 Nc7 20. Qd2 f6 21. Rf1 Bd6 22. Kh1 Na6 23. Nf3 Nab4 24. Nxb4 Nxb4 25. a5 Bh3 26. axb6 Bxg2+ 27. Kxg2 axb6 28. Ne1 f5 29. Nc2 Nxc2 30. Qxc2 f4 31. Ra6 f3+ 32. Kh2 Rf4 33. Kg1 Qe7 34. Ra8+ Rf8 35. Qa4 Rxa8 36. Qxa8+ Kf7 37. Ra1 Qe6 38. Ra7+ Kg6 39. Qd8 h6 40. Rd7 Kh7 41. Rxd6 Qf7 42. Rxb6 1-0

[Event "V Floripa Chess Open 2019"]
[Site "Florianopolis/SC"]
[Date "2019.01.23"]
[Round "4.128"]
[White "Bitencourt, Evandro Jose Dos S"]
[Black "Flores, Clarice Soares Leit"]
[Result "0-1"]
[WhiteElo "1812"]
[BlackElo "1406"]
[PlyCount "71"]
[EventDate "2019.01.21"]
[EventRounds "10"]
[EventCountry "BRA"]

1. d4 Nf6 2. c4 c5 3. e3 cxd4 4. exd4 e6 5. Nf3 Be7 6. Bd3 b6 7. O-O Bb7 8. Nc3 O-O 9. Qe2 d5 10. Rd1 Nbd7 11. Ne5 Rc8 12. cxd5 Nxd5 13. Bd2 Nxe5 14. dxe5 Nxc3 15. Bxc3 Qc7 16. Rac1 Qb8 17. Qh5 h6 18. Bd2 Rxc1 19. Bxc1 Rd8 20. Bxh6 Rxd3 21. Rxd3 Be4 22. Rg3 Bg6 23. Qd1 gxh6 24. Qe2 Kh7 25. Rc3 Qb7 26. Qc4 Qd7 27. h3 Bc5 28. Rc1 Qd2 29. Rf1 Bd3 30. Qc1 Bxf2+ 31. Kh1 Qe2 32. Rd1 Be3 33. Qa1 Be4 34. Rg1 Bxg1 35. Qxg1 Qxb2 36. a4 0-1

[Event "V Floripa Chess Open 2019"]
[Site "Florianopolis/SC"]
[Date "2019.01.23"]
[Round "4.129"]
[White "Gallardo Rojel, Alejandro"]
[Black "Amaral, Danilo Tokechi"]
[Result "0-1"]
[WhiteElo "1793"]
[BlackElo "1360"]
[PlyCount "74"]
[EventDate "2019.01.21"]
[EventRounds "10"]
[EventCountry "BRA"]

1. c4 Nf6 2. Nc3 c5 3. Nf3 d5 4. cxd5 Nxd5 5. e4 Nc7 6. d4 cxd4 7. Qxd4 Qxd4 8. Nxd4 a6 9. Bf4 Ne6 10. Nd5 Nxd4 11. Nc7+ Kd8 12. O-O-O Nbc6 13. Nxa8 e5 14. Be3 Bc5 15. f4 Bg4 16. Rd2 f6 17. fxe5 fxe5 18. a3 Kc8 19. Rd3 Kb8 20. h3 Be6 21. Rc3 Ba7 22. b4 Kxa8 23. Kb2 Rc8 24. Bc4 Bxc4 25. Rxc4 b5 26. Rc3 Ne2 27. Rd3 Ncd4 28. Bxd4 Bxd4+ 29. Kb1 Nc3+ 30. Kc1 Nxe4+ 31. Kb1 Nf2 32. Rxd4 exd4 33. Rc1 Rxc1+ 34. Kxc1 Kb7 35. Kd2 Kc6 36. Ke2 Ne4 37. Kd3 Kd5 0-1

[Event "V Floripa Chess Open 2019"]
[Site "Florianopolis/SC"]
[Date "2019.01.23"]
[Round "4.131"]
[White "Gomes, Carlos Henrique Cal"]
[Black "Ferraz, Joao Vitor Koenig"]
[Result "0-1"]
[WhiteElo "1783"]
[BlackElo "1711"]
[PlyCount "80"]
[EventDate "2019.01.21"]
[EventRounds "10"]
[EventCountry "BRA"]

1. d4 Nf6 2. Nf3 e6 3. Bg5 d5 4. e3 Bb4+ 5. Nbd2 Nbd7 6. Bd3 h6 7. Bh4 O-O 8. a3 Bd6 9. c4 c5 10. Rc1 b6 11. cxd5 exd5 12. Bb5 a6 13. Bd3 c4 14. Bf5 b5 15. Bg3 Nb6 16. Bc2 Be6 17. e4 Bxg3 18. hxg3 dxe4 19. Nxe4 Nxe4 20. Bxe4 Bd5 21. Bxd5 Re8+ 22. Kf1 Qxd5 23. g4 f6 24. Qd2 Kh7 25. g5 fxg5 26. Nxg5+ Kg8 27. Nf3 Re6 28. Rc3 a5 29. Re3 b4 30. Rxe6 Qxe6 31. axb4 axb4 32. Qxb4 Ra4 33. Qd2 Nd5 34. Rh5 Ra2 35. Re5 Qc6 36. Qc1 c3 37. bxc3 Qa6+ 38. c4 Ra1 39. Qxa1 Qxa1+ 40. Re1 Qa6 0-1

[Event "V Floripa Chess Open 2019"]
[Site "Florianopolis/SC"]
[Date "2019.01.23"]
[Round "4.135"]
[White "Romais, Rodrigo"]
[Black "Torrallardona, Eduardo"]
[Result "1-0"]
[WhiteElo "1591"]
[BlackElo "2024"]
[PlyCount "59"]
[EventDate "2019.01.21"]
[EventRounds "10"]
[EventCountry "BRA"]

1. e4 e6 2. d4 d5 3. e5 c5 4. c3 Bd7 5. Nf3 Qb6 6. Bd3 Nc6 7. Bc2 cxd4 8. cxd4 Nb4 9. O-O Rc8 10. Nc3 Bb5 11. Re1 Nh6 12. a4 Nxc2 13. Qxc2 Bc4 14. a5 Qb3 15. Qxb3 Bxb3 16. a6 b6 17. Nb5 Bc4 18. Nd6+ Bxd6 19. exd6 Nf5 20. Bf4 Rd8 21. Be5 O-O 22. Nd2 Nxd6 23. Rec1 Be2 24. Bxd6 Rxd6 25. Rc7 Ra8 26. Rac1 Bxa6 27. Re7 Bb5 28. Rcc7 Be8 29. Rxa7 Rxa7 30. Rxe8# 1-0

[Event "V Floripa Chess Open 2019"]
[Site "Florianopolis/SC"]
[Date "2019.01.23"]
[Round "4.136"]
[White "Medeiros, Thauane Ferreira"]
[Black "Caporale, Giuseppe Guido"]
[Result "1-0"]
[WhiteElo "1985"]
[BlackElo "1592"]
[PlyCount "85"]
[EventDate "2019.01.21"]
[EventRounds "10"]
[EventCountry "BRA"]

1. d4 Nf6 2. Bg5 c5 3. d5 e6 4. c4 b5 5. Nc3 b4 6. Ne4 h6 7. Bxf6 gxf6 8. dxe6 fxe6 9. e3 Qe7 10. Be2 f5 11. Bh5+ Kd8 12. Ng3 Bb7 13. Nf3 Bg7 14. Rb1 Nc6 15. O-O Kc7 16. Qc2 Raf8 17. Rbd1 Qf6 18. Rd2 d6 19. Rfd1 Rd8 20. Ne2 e5 21. a3 a5 22. Qa4 Bf8 23. g3 Rg8 24. Kf1 Be7 25. Ne1 Qe6 26. Rd5 Ba6 27. Bf3 e4 28. Nf4 Bxc4+ 29. Be2 Bxe2+ 30. Kxe2 Qc8 31. Kf1 Kb6 32. Rxf5 Bg5 33. Nd5+ Ka6 34. Rf7 Rd7 35. Rxd7 Qxd7 36. axb4 Rb8 37. bxc5 Rxb2 38. Kg1 Rb5 39. cxd6 Bd8 40. Qxe4 Qb7 41. Rc1 Ka7 42. Nf4 Rb6 43. Ne6 1-0

[Event "V Floripa Chess Open 2019"]
[Site "Florianopolis/SC"]
[Date "2019.01.23"]
[Round "4.137"]
[White "Quaresma, Givanildo Ribeiro"]
[Black "Gazola, Vanessa Ramos"]
[Result "0-1"]
[WhiteElo "1586"]
[BlackElo "1982"]
[PlyCount "62"]
[EventDate "2019.01.21"]
[EventRounds "10"]
[EventCountry "BRA"]

1. e4 c5 2. Nf3 a6 3. d4 cxd4 4. Nxd4 Nf6 5. Nc3 e5 6. Nb3 Bb4 7. Bd3 d5 8. O-O Bxc3 9. bxc3 dxe4 10. Bc4 Qc7 11. Bd5 O-O 12. Ba3 Rd8 13. c4 Be6 14. Qe2 Bxd5 15. cxd5 Rxd5 16. c4 Rd8 17. Bb2 Nbd7 18. Rac1 Nc5 19. Bc3 Nd3 20. Rc2 Nf4 21. Qe3 Rd3 22. Ba5 Qc8 23. Qb6 Qg4 24. f3 exf3 25. Qxb7 Re8 26. Nc5 Nxg2 27. Nxd3 Ne3+ 28. Kf2 Qg2+ 29. Kxe3 Ng4+ 30. Ke4 f2+ 31. Kf5 Nh6# 0-1

[Event "V Floripa Chess Open 2019"]
[Site "Florianopolis/SC"]
[Date "2019.01.23"]
[Round "4.138"]
[White "Carvalho Jr, Celestino"]
[Black "Ramirez Brizuela, Juan Bartolome"]
[Result "1-0"]
[WhiteElo "1976"]
[BlackElo "1582"]
[PlyCount "46"]
[EventDate "2019.01.21"]
[EventRounds "10"]
[EventCountry "BRA"]

1. e4 g6 2. Nf3 Bg7 3. Bc4 c6 4. Nc3 d6 5. O-O Nf6 6. d3 O-O 7. Bg5 Qc7 8. Qd2 Na6 9. Nh4 b5 10. Bb3 Nc5 11. Ne2 Nxb3 12. axb3 c5 13. Bh6 Bxh6 14. Qxh6 Ng4 15. Qf4 e5 16. Qg3 Be6 17. f4 exf4 18. Nxf4 Qe7 19. Nf3 Ne3 20. Rf2 Ng4 21. Re2 Qf6 22. Rf1 Ne5 23. Ng5 Ng4 1-0

[Event "V Floripa Chess Open 2019"]
[Site "Florianopolis/SC"]
[Date "2019.01.23"]
[Round "4.139"]
[White "Mendes, Rodrigo Machado"]
[Black "Jodorcovsky, Alejandro David"]
[Result "0-1"]
[WhiteElo "1956"]
[BlackElo "1577"]
[PlyCount "43"]
[EventDate "2019.01.21"]
[EventRounds "10"]
[EventCountry "BRA"]

1. e4 e5 2. Nf3 Nc6 3. Bb5 a6 4. Ba4 Nf6 5. O-O Be7 6. Re1 d6 7. c3 b5 8. Bc2 O-O 9. d3 d5 10. exd5 Nxd5 11. Nxe5 Nxe5 12. Rxe5 c6 13. Nd2 Bd6 14. Re1 Qh4 15. g3 Qh3 16. Ne4 Be7 17. Qf3 Bg4 18. Qg2 Qh5 19. d4 Rad8 20. Bd2 f5 21. Ng5 f4 22. Ne4 0-1

[Event "V Floripa Chess Open 2019"]
[Site "Florianopolis/SC"]
[Date "2019.01.23"]
[Round "4.140"]
[White "Colaco, Willian Wagner Soar"]
[Black "Reinaldo Dos Santos, Julio"]
[Result "1-0"]
[WhiteElo "1561"]
[BlackElo "1922"]
[PlyCount "117"]
[EventDate "2019.01.21"]
[EventRounds "10"]
[EventCountry "BRA"]

1. d4 Nf6 2. Nf3 g6 3. Bf4 Bg7 4. e3 O-O 5. Bd3 d6 6. h3 c5 7. c3 Nbd7 8. Nbd2 Re8 9. O-O b6 10. e4 cxd4 11. cxd4 e5 12. dxe5 dxe5 13. Bg5 Bb7 14. Qe2 h6 15. Be3 Bf8 16. Rfd1 a6 17. b4 Kh8 18. a3 b5 19. Rac1 Rc8 20. Ne1 Rc7 21. f3 Qc8 22. Nb3 Re6 23. Rxc7 Qxc7 24. Rc1 Rc6 25. Rxc6 Qxc6 26. Na5 Qc7 27. Nxb7 Qxb7 28. Qa2 Kg8 29. Qd2 Nb6 30. Bxh6 Bxh6 31. Qxh6 Nc4 32. Bxc4 bxc4 33. Qg5 Nd7 34. Kf2 Qc6 35. Qc1 Nb6 36. Nc2 Qd6 37. Qe3 Na4 38. Ke2 Nb2 39. Qd2 Nd3 40. Ne3 Nf4+ 41. Kd1 Qc6 42. Qc3 Qb6 43. Nxc4 Qg1+ 44. Kc2 Qxg2+ 45. Nd2 Qe2 46. Qc4 Qe3 47. Qxa6 Ne2 48. Qd3 Nd4+ 49. Kc3 Qe1 50. Kc4 Qh4 51. Nb3 Ne6 52. b5 Qe7 53. Na5 Qc5+ 54. Kb3 Nd4+ 55. Kb2 Nxb5 56. Nc4 Nd4 57. Kc3 Qb5 58. Nxe5 Ne6 59. Qxb5 1-0

[Event "V Floripa Chess Open 2019"]
[Site "Florianopolis/SC"]
[Date "2019.01.23"]
[Round "4.141"]
[White "Hubner, Jessica Trindade"]
[Black "Belmonte, Dulce"]
[Result "0-1"]
[WhiteElo "1899"]
[BlackElo "1570"]
[PlyCount "82"]
[EventDate "2019.01.21"]
[EventRounds "10"]
[EventCountry "BRA"]

1. e4 e6 2. d4 d5 3. exd5 exd5 4. Nf3 Bd6 5. Be2 Ne7 6. Bg5 Bf5 7. Bd3 Qd7 8. O-O Nbc6 9. c3 f6 10. Be3 g5 11. b4 h5 12. Qd2 Bxd3 13. Qxd3 Nf5 14. Re1 O-O-O 15. Re2 g4 16. Ne1 h4 17. f3 gxf3 18. Nxf3 Rdg8 19. Kh1 h3 20. Nbd2 Qh7 21. Kg1 Ng3 22. Qxh7 Nxe2+ 23. Kf1 Rxh7 24. Kxe2 Rxg2+ 25. Kd3 Bxh2 26. Rh1 Bd6 27. a4 h2 28. Ne1 Rg3 29. Ndf3 Ne7 30. Rxh2 Rxh2 31. Nxh2 Rxe3+ 32. Kxe3 Bxh2 33. Nf3 Bd6 34. Ne1 Kd7 35. Nd3 Ke6 36. a5 Ng6 37. b5 f5 38. Nb2 f4+ 39. Kf3 Nh4+ 40. Kg4 Ng2 41. Nd3 Ne3+ 0-1

[Event "V Floripa Chess Open 2019"]
[Site "Florianopolis/SC"]
[Date "2019.01.23"]
[Round "4.142"]
[White "Vieira, Rodrigo Chagas"]
[Black "Monteiro, Daniel Zotelli"]
[Result "1-0"]
[WhiteElo "1892"]
[BlackElo "1567"]
[PlyCount "78"]
[EventDate "2019.01.21"]
[EventRounds "10"]
[EventCountry "BRA"]

1. e4 e5 2. Nf3 Nc6 3. Bc4 Bc5 4. O-O d6 5. h3 Nf6 6. Re1 O-O 7. c3 Be6 8. Bb3 Re8 9. Bc2 d5 10. Ng5 d4 11. Nxe6 Rxe6 12. d3 h6 13. a4 a5 14. Na3 Nh7 15. Bb3 Rf6 16. c4 Ne7 17. Rf1 Ng6 18. Nc2 Qd7 19. Qg4 Qxg4 20. hxg4 Nf4 21. Ne1 Ng5 22. g3 Nfe6 23. Kg2 g6 24. f4 exf4 25. gxf4 Nxf4+ 26. Bxf4 Rb6 27. Bd1 Rxb2+ 28. Rf2 Rxf2+ 29. Kxf2 Ne6 30. Bxh6 g5 31. Nf3 f6 32. Bb3 Kf7 33. e5 Rh8 34. Rh1 Kg6 35. exf6 Rxh6 36. Ne5+ Kh7 37. Rxh6+ Kxh6 38. Kf3 c6 39. Ke4 Bd6 1-0

[Event "V Floripa Chess Open 2019"]
[Site "Florianopolis/SC"]
[Date "2019.01.23"]
[Round "4.143"]
[White "Silva, Fernando So Barros "]
[Black "Japiassu, Glauco Antonio Beze"]
[Result "1/2-1/2"]
[WhiteElo "1867"]
[BlackElo "1558"]
[PlyCount "53"]
[EventDate "2019.01.21"]
[EventRounds "10"]
[EventCountry "BRA"]

1. Nf3 e6 2. c4 d5 3. d4 Nf6 4. Nc3 c6 5. a3 Bd6 6. Qc2 Nbd7 7. Bg5 Qa5 8. Bd2 Qc7 9. e3 Ng4 10. e4 dxe4 11. Nxe4 Bf4 12. Bd3 f5 13. Nc3 O-O 14. Bxf4 Qxf4 15. h3 Ngf6 16. Qe2 Qc7 17. O-O Nb6 18. Rfe1 h6 19. Rad1 Bd7 20. Ne5 Rac8 21. b4 Be8 22. Bb1 Nbd7 23. Ba2 Nxe5 24. dxe5 Nh7 25. c5 Rd8 26. Rd6 Ng5 27. f4 1/2-1/2

[Event "V Floripa Chess Open 2019"]
[Site "Florianopolis/SC"]
[Date "2019.01.23"]
[Round "4.144"]
[White "Dos Santos, Dwlyan Silva"]
[Black "Ibanez, Jorge Llivi"]
[Result "1-0"]
[WhiteElo "1846"]
[BlackElo "1549"]
[PlyCount "139"]
[EventDate "2019.01.21"]
[EventRounds "10"]
[EventCountry "BRA"]

1. e4 e5 2. Nf3 Nc6 3. Bc4 Bc5 4. a4 a6 5. d3 d6 6. O-O h6 7. c3 Bg4 8. Nbd2 Bh5 9. Re1 Nf6 10. Nf1 O-O 11. Ng3 Bg6 12. Nh4 Kh7 13. Nhf5 Ne7 14. Be3 Bxe3 15. fxe3 c6 16. Qe2 Qd7 17. Rf1 Bxf5 18. Nxf5 Nxf5 19. exf5 d5 20. Ba2 b5 21. Bb3 Qd6 22. e4 Rfe8 23. Rfd1 Qc5+ 24. Kh1 Ra7 25. h3 Qb6 26. a5 Qc7 27. Bc2 c5 28. b4 d4 29. cxd4 cxd4 30. Bb3 Qc3 31. Qa2 Ree7 32. Qa3 Qc7 33. Rac1 Qd6 34. Rc5 Nh5 35. Qb2 Qf6 36. Rdc1 Nf4 37. Qd2 Qg5 38. R1c2 Qg3 39. Bd5 Qxd3 40. Qf2 Qd1+ 41. Kh2 Nd3 42. Qg3 Nxc5 43. Rxc5 Qh5 44. Rc6 Qg5 45. Qb3 Qe3 46. Qd1 Rec7 47. Qc2 Re7 48. f6 Qf4+ 49. g3 Qg5 50. fxe7 Qxe7 51. Rc5 Qg5 52. Qf2 Qf6 53. Qxf6 gxf6 54. g4 Kg6 55. Kg3 Rd7 56. Rc6 Ra7 57. h4 Rd7 58. Rxa6 d3 59. Kf3 h5 60. gxh5+ Kxh5 61. Rxf6 Kxh4 62. a6 Kg5 63. Rxf7 Rxf7+ 64. Bxf7 d2 65. Ke2 Kf4 66. Bd5 d1=Q+ 67. Kxd1 Ke3 68. a7 Kd3 69. a8=Q Kc3 70. Qa3+ 1-0

[Event "V Floripa Chess Open 2019"]
[Site "Florianopolis/SC"]
[Date "2019.01.23"]
[Round "4.145"]
[White "Girona, Martin"]
[Black "De Haro, Martim Afonso Palma"]
[Result "0-1"]
[WhiteElo "1548"]
[BlackElo "1837"]
[PlyCount "48"]
[EventDate "2019.01.21"]
[EventRounds "10"]
[EventCountry "BRA"]

1. d4 Nf6 2. Bg5 Ne4 3. Bf4 c5 4. c3 d5 5. Nd2 Nxd2 6. Qxd2 Nc6 7. Nf3 e6 8. e3 Bd6 9. Bxd6 Qxd6 10. Bd3 O-O 11. Qe2 h6 12. O-O Re8 13. Qd1 e5 14. dxe5 Nxe5 15. Nxe5 Rxe5 16. Qf3 Bd7 17. Rad1 Bc6 18. h4 Qe7 19. g3 d4 20. Qg4 dxe3 21. fxe3 Rxe3 22. Bc4 Rf8 23. Qf4 Re4 24. Qf2 Rxc4 0-1

[Event "V Floripa Chess Open 2019"]
[Site "Florianopolis/SC"]
[Date "2019.01.23"]
[Round "4.146"]
[White "De Oliveira, John Richard Aparec"]
[Black "Pereira, Thales Oliveira"]
[Result "0-1"]
[WhiteElo "1515"]
[BlackElo "1836"]
[PlyCount "84"]
[EventDate "2019.01.21"]
[EventRounds "10"]
[EventCountry "BRA"]

1. c4 f5 2. Nc3 Nf6 3. g3 g6 4. Bg2 Bg7 5. Nf3 d6 6. d3 O-O 7. O-O e5 8. Bg5 h6 9. Bxf6 Qxf6 10. Nd5 Qd8 11. Rb1 c6 12. Nc3 Be6 13. Qb3 Qc7 14. Nd2 Nd7 15. f4 exf4 16. gxf4 Nf6 17. h3 g5 18. e4 g4 19. hxg4 Nxg4 20. Nd1 Bd4+ 21. Kh1 Qf7 22. Rf3 Kh7 23. Rg3 Rg8 24. Nf1 Rg7 25. Bh3 Nf2+ 26. Nxf2 Rxg3 27. Nxg3 Bxf2 28. Nxf5 Bxf5 29. Bxf5+ Kh8 30. Kg2 Bd4 31. Rh1 Qg7+ 32. Kf1 Rg8 33. Bh3 Qg3 34. Qc2 Qf3+ 35. Ke1 Qxh1+ 36. Bf1 Rg1 37. Qe2 Rxf1+ 38. Qxf1 Qxf1+ 39. Kxf1 Be3 40. f5 Bd4 41. b3 Kg7 42. Kg2 Kf6 0-1

[Event "V Floripa Chess Open 2019"]
[Site "Florianopolis/SC"]
[Date "2019.01.23"]
[Round "4.147"]
[White "Santana Freitas, Maria Eduarda"]
[Black "Menezes, Jose Eduardo Carnei"]
[Result "0-1"]
[WhiteElo "1486"]
[BlackElo "1827"]
[PlyCount "136"]
[EventDate "2019.01.21"]
[EventRounds "10"]
[EventCountry "BRA"]

1. e4 c5 2. Nf3 d6 3. d4 cxd4 4. Nxd4 Nf6 5. Nc3 a6 6. Bg5 Nbd7 7. f4 b5 8. a3 Bb7 9. Qe2 h6 10. Bh4 e5 11. Nf3 exf4 12. O-O-O g5 13. Bf2 Be7 14. Nd4 Rc8 15. Nf5 Ne5 16. Bd4 Qc7 17. g3 fxg3 18. hxg3 Bf8 19. Bg2 Rd8 20. Qf2 Nfg4 21. Qe2 Qc4 22. Qd2 Bc8 23. Rhf1 Bxf5 24. Rxf5 Be7 25. Nd5 Rh7 26. Nxe7 Qa2 27. b3 Kxe7 28. Bxe5 Nxe5 29. Rxe5+ Kf8 30. Qd5 Qxa3+ 31. Kb1 dxe5 32. Qxd8+ Kg7 33. Rf1 Qf8 34. Qf6+ Kg8 35. Qxe5 Qd8 36. Bh3 Rg7 37. Qd5 Qxd5 38. exd5 g4 39. Bg2 Rg6 40. Rd1 Kf8 41. d6 Ke8 42. Bb7 f5 43. Bxa6 Kd8 44. Bxb5 f4 45. d7 Rb6 46. c4 f3 47. Re1 Kc7 48. Re8 Rd6 49. Rc8+ Kb7 50. d8=Q Rxd8 51. Rxd8 h5 52. c5 h4 53. c6+ Kb6 54. c7 Kxc7 55. Rd1 hxg3 56. Rg1 g2 57. Bf1 gxf1=Q+ 58. Rxf1 Kd6 59. Kc2 Ke5 60. Kd3 Kf4 61. b4 g3 62. Kd2 g2 63. Ke1 Kg3 64. b5 f2+ 65. Rxf2 g1=Q+ 66. Rf1 Qe3+ 67. Kd1 Qd3+ 68. Kc1 Qxf1+ 0-1

[Event "V Floripa Chess Open 2019"]
[Site "Florianopolis/SC"]
[Date "2019.01.23"]
[Round "4.148"]
[White "Caribe Santos, Luiz Carlos"]
[Black "Ferreira, Rodrigo Maycon Mira"]
[Result "1/2-1/2"]
[WhiteElo "1471"]
[BlackElo "1813"]
[PlyCount "59"]
[EventDate "2019.01.21"]
[EventRounds "10"]
[EventCountry "BRA"]

1. d4 Nf6 2. c4 c5 3. d5 b5 4. cxb5 a6 5. bxa6 e6 6. dxe6 fxe6 7. e3 Bxa6 8. Bxa6 Qa5+ 9. Bd2 Qxa6 10. Qe2 Qb7 11. Qf3 Nc6 12. Bc3 Be7 13. Nd2 O-O 14. Qd1 Nd5 15. Ne2 Ncb4 16. O-O Nxa2 17. Qb3 Qxb3 18. Nxb3 Naxc3 19. Nxc3 Nxc3 20. bxc3 Rxa1 21. Rxa1 Rb8 22. Rb1 c4 23. Nd2 Rxb1+ 24. Nxb1 d5 25. Kf1 g5 26. g4 Bf6 27. h3 Be5 28. Kg2 Kf7 29. Kf3 Ke7 30. Ke2 1/2-1/2

[Event "V Floripa Chess Open 2019"]
[Site "Florianopolis/SC"]
[Date "2019.01.23"]
[Round "4.149"]
[White "Rodio, Julia Brunetto"]
[Black "Sarda, Pedro Sada"]
[Result "1-0"]
[WhiteElo "1771"]
[BlackElo "1539"]
[PlyCount "59"]
[EventDate "2019.01.21"]
[EventRounds "10"]
[EventCountry "BRA"]

1. e4 c5 2. Nc3 Nc6 3. g3 e6 4. Bg2 Qc7 5. d3 d6 6. f4 Be7 7. Nf3 b6 8. O-O Bb7 9. Be3 Nf6 10. h3 a6 11. Ne2 e5 12. g4 exf4 13. Bxf4 O-O-O 14. Ng3 h6 15. Nf5 g5 16. Bh2 Rdg8 17. Qe1 h5 18. e5 dxe5 19. Nxe5 Nxe5 20. Bxe5 Qd7 21. Nxe7+ Qxe7 22. Bxf6 Qd7 23. Bxb7+ Qxb7 24. Bxh8 Rxh8 25. Qe4 Qc7 26. Qa8+ Kd7 27. Rxf7+ Kd6 28. Rxc7 Rxa8 29. Rg7 hxg4 30. hxg4 1-0

[Event "V Floripa Chess Open 2019"]
[Site "Florianopolis/SC"]
[Date "2019.01.23"]
[Round "4.150"]
[White "Lanznaster, Rafael"]
[Black "Lunelli, Neuri Antonio"]
[Result "0-1"]
[WhiteElo "1470"]
[BlackElo "1767"]
[PlyCount "54"]
[EventDate "2019.01.21"]
[EventRounds "10"]
[EventCountry "BRA"]

1. c4 Nf6 2. Nc3 d6 3. g3 g6 4. Bg2 Bg7 5. d4 O-O 6. Nf3 c6 7. O-O Qc7 8. Bf4 Nh5 9. Bg5 h6 10. Bc1 e5 11. dxe5 dxe5 12. e4 Nd7 13. Qc2 Nc5 14. Re1 Ne6 15. Be3 f5 16. exf5 gxf5 17. Nh4 f4 18. Bd2 Ng5 19. g4 Bxg4 20. Ne4 Rad8 21. Bc3 f3 22. Nxg5 hxg5 23. Qg6 fxg2 24. Qxg5 Qf7 25. Kxg2 Qxf2+ 26. Kh1 Bf3+ 27. Nxf3 Qxf3+ 0-1

[Event "V Floripa Chess Open 2019"]
[Site "Florianopolis/SC"]
[Date "2019.01.23"]
[Round "4.151"]
[White "Brasileiro, Antonio Carlos"]
[Black "Stasaitits, Tiago"]
[Result "1-0"]
[WhiteElo "1766"]
[BlackElo "1528"]
[PlyCount "97"]
[EventDate "2019.01.21"]
[EventRounds "10"]
[EventCountry "BRA"]

1. d4 d5 2. e3 a6 3. Bd3 Nf6 4. f4 e6 5. Nf3 c5 6. c3 Nc6 7. O-O Bd6 8. Ne5 Bd7 9. Nd2 O-O 10. Rf3 b5 11. Rh3 h6 12. Qe1 Ra7 13. Qg3 Kh8 14. Ndf3 c4 15. Bc2 Bb8 16. Ng5 Nxe5 17. fxe5 Ne8 18. Qh4 Qe7 19. e4 f6 20. exf6 Qxf6 21. Rf3 Qe7 22. Rxf8+ Qxf8 23. e5 Bc7 24. Qh5 Kg8 25. Bh7+ Kh8 26. Bg6 Bd8 27. Nf7+ Kg8 28. Nxd8 Bc8 29. Bxh6 gxh6 30. Rf1 Qg7 31. Rf7 Rxf7 32. Bxf7+ Kf8 33. Bxe8 Qh7 34. Bg6 Qg7 35. Nc6 Bd7 36. Na5 Kg8 37. Nb7 Qf8 38. Qf3 Qxf3 39. gxf3 Kg7 40. Bh5 Bc8 41. Nd6 Bd7 42. Be8 Bxe8 43. Nxe8+ Kf7 44. Nf6 a5 45. a3 b4 46. cxb4 axb4 47. axb4 Ke7 48. Kf2 Kd8 49. h4 1-0

[Event "V Floripa Chess Open 2019"]
[Site "Florianopolis/SC"]
[Date "2019.01.23"]
[Round "4.152"]
[White "Pereira, Armando Scharlau"]
[Black "Dias Filho, Pedro Stein"]
[Result "1-0"]
[WhiteElo "1760"]
[BlackElo "1507"]
[PlyCount "67"]
[EventDate "2019.01.21"]
[EventRounds "10"]
[EventCountry "BRA"]

1. d4 Nf6 2. c4 g6 3. g3 Bg7 4. Bg2 O-O 5. Nc3 d6 6. e3 Nc6 7. Nge2 e5 8. O-O Bg4 9. h3 Bd7 10. Kh2 h5 11. d5 Ne7 12. e4 Nh7 13. f4 f5 14. Qc2 fxe4 15. Bxe4 Nf5 16. Bd2 Rf7 17. Rae1 Qe7 18. Bg2 Nf8 19. Ne4 Nh7 20. Qc1 Qf8 21. Ng1 Re8 22. Nf3 Nd4 23. Nfg5 Rf5 24. g4 hxg4 25. hxg4 Rxf4 26. Bxf4 exf4 27. Nxh7 Kxh7 28. Ng5+ Kg8 29. Rxe8 Bxe8 30. Qe1 Be5 31. Ne6 Qh6+ 32. Kg1 Nf3+ 33. Rxf3 g5 34. Rh3 1-0

[Event "V Floripa Chess Open 2019"]
[Site "Florianopolis/SC"]
[Date "2019.01.23"]
[Round "4.153"]
[White "Eyng, Stefan Kuster"]
[Black "Rodrigues, Natanael Isau"]
[Result "0-1"]
[WhiteElo "1468"]
[BlackElo "1759"]
[PlyCount "51"]
[EventDate "2019.01.21"]
[EventRounds "10"]
[EventCountry "BRA"]

1. e4 c5 2. Nf3 g6 3. d4 cxd4 4. Nxd4 Bg7 5. Nc3 Nc6 6. Be3 Nf6 7. Nxc6 bxc6 8. Bd3 d6 9. Qd2 Ng4 10. h3 Nxe3 11. Qxe3 Bxc3+ 12. bxc3 Qa5 13. Qd4 O-O 14. O-O c5 15. Qe3 Qxc3 16. f4 Ba6 17. Qg3 c4 18. f5 cxd3 19. fxg6 fxg6 20. cxd3 Qxd3 21. Qxd3 Bxd3 22. Rfe1 Rab8 23. Rac1 Rfc8 24. Red1 Ba6 25. Rd2 Rc4 26. e5 0-1

[Event "V Floripa Chess Open 2019"]
[Site "Florianopolis/SC"]
[Date "2019.01.23"]
[Round "4.154"]
[White "Takehara, Alan Keissuke"]
[Black "Vicenzi, Liziane Nathalia"]
[Result "1-0"]
[WhiteElo "1758"]
[BlackElo "1488"]
[PlyCount "121"]
[EventDate "2019.01.21"]
[EventRounds "10"]
[EventCountry "BRA"]

1. d4 Nf6 2. c4 e6 3. Nf3 d5 4. Bg5 Be7 5. e3 O-O 6. Nc3 h6 7. Bxf6 Bxf6 8. Qc2 c6 9. cxd5 exd5 10. h3 Re8 11. Bd3 Be6 12. O-O Nd7 13. b4 a6 14. a4 Nb6 15. b5 g5 16. bxc6 bxc6 17. a5 Nc4 18. Bxc4 dxc4 19. Na4 g4 20. hxg4 Bxg4 21. Qxc4 Bxf3 22. gxf3 Bg7 23. Rfd1 Qg5+ 24. Kf1 Qxa5 25. Nc5 Qb5 26. Rdc1 a5 27. Rab1 Qxc4+ 28. Rxc4 Reb8 29. Ra1 Rb5 30. Ne4 Rab8 31. Nc3 Rh5 32. Ra2 Rb4 33. Rxc6 Rh1+ 34. Ke2 Rc1 35. Kd2 Rf1 36. Nd1 Rb1 37. Rc1 Rb5 38. Rca1 Bf8 39. Ke2 Rh1 40. Rxa5 Rxa5 41. Rxa5 Bb4 42. Ra1 Re1+ 43. Kd3 h5 44. Rb1 Be7 45. Kd2 Rh1 46. Nc3 Rh2 47. Ne4 h4 48. Rb5 Kg7 49. Ke2 Rh1 50. f4 h3 51. Ng3 Rh2 52. Rh5 Kg6 53. Kf3 Bb4 54. f5+ Kf6 55. Kg4 Bd6 56. Rxh3 Bxg3 57. Kxg3 Rxh3+ 58. Kxh3 Kxf5 59. f3 Ke6 60. Kg4 f6 61. e4 1-0

[Event "V Floripa Chess Open 2019"]
[Site "Florianopolis/SC"]
[Date "2019.01.23"]
[Round "4.156"]
[White "De Souza, Diego Pereira"]
[Black "Dos Santos, Paulo H. Maximo"]
[Result "1/2-1/2"]
[WhiteElo "1723"]
[BlackElo "1471"]
[PlyCount "40"]
[EventDate "2019.01.21"]
[EventRounds "10"]
[EventCountry "BRA"]

1. e4 c5 2. Nc3 d6 3. d4 cxd4 4. Qxd4 Nc6 5. Bb5 Bd7 6. Bxc6 Bxc6 7. Bg5 e5 8. Qd2 Be7 9. Nf3 Bxg5 10. Qxg5 Qxg5 11. Nxg5 Nf6 12. O-O-O h6 13. Nf3 Rd8 14. Rhe1 O-O 15. Nd5 Bxd5 16. exd5 Rc8 17. Nh4 Rc5 18. Nf5 Rd8 19. Ne3 Rdc8 20. Rd3 Ra5 1/2-1/2